|
|
|
|
| LEADER |
00000cam a22000004a 4500 |
| 001 |
musev2_73898 |
| 003 |
MdBmJHUP |
| 005 |
20230905051640.0 |
| 006 |
m o d |
| 007 |
cr||||||||nn|n |
| 008 |
130122s2012 mnu o 00 0 eng d |
| 010 |
|
|
|z 2012007743
|
| 020 |
|
|
|a 9781942304562
|
| 020 |
|
|
|z 1942304560
|
| 020 |
|
|
|z 9781932688726
|
| 020 |
|
|
|z 1932688722
|
| 035 |
|
|
|a (OCoLC)1146002630
|
| 040 |
|
|
|a MdBmJHUP
|c MdBmJHUP
|
| 100 |
1 |
|
|a Humphrey, Karen A.
|0 (DE-588)1032980133
|
| 245 |
1 |
0 |
|a Grace, Faith, and the Power of Singing :
|b The Alma Christina Lind Swensson Story /
|c Karen A. Humphrey.
|
| 264 |
|
1 |
|a Minneapolis, Minn. :
|b Lutheran Univ. Press,
|c 2012.
|
| 264 |
|
3 |
|a Baltimore, Md. :
|b Project MUSE,
|c 2021
|
| 264 |
|
4 |
|c ©2012.
|
| 300 |
|
|
|a 1 online resource (128 pages):
|b Illustrationen
|
| 336 |
|
|
|a text
|b txt
|2 rdacontent
|
| 337 |
|
|
|a computer
|b c
|2 rdamedia
|
| 338 |
|
|
|a online resource
|b cr
|2 rdacarrier
|
| 588 |
|
|
|a Description based on print version record.
|
| 600 |
1 |
7 |
|a Swensson, Alma Christina Lind,
|d 1859-1939.
|0 (DE-588)1033703575
|2 gnd
|
| 650 |
0 |
7 |
|a Schwedische Einwanderin.
|0 (DE-588)1033713961
|2 gnd
|
| 650 |
0 |
7 |
|a Musikleben.
|0 (DE-588)4075128-4
|2 gnd
|
| 650 |
0 |
7 |
|a Kirchenmusikerin.
|0 (DE-588)7587363-1
|2 gnd
|
| 650 |
0 |
7 |
|a Kirchenmusik.
|0 (DE-588)4030736-0
|2 gnd
|
| 651 |
|
7 |
|a Lindsborg, Kan.
|0 (DE-588)4758000-8
|2 gnd
|
| 651 |
|
7 |
|a Kansas.
|0 (DE-588)4114131-3
|2 gnd
|
| 655 |
|
4 |
|a Biographie.
|
| 655 |
|
7 |
|a Electronic books.
|2 local
|
| 710 |
2 |
|
|a Project Muse.
|e distributor
|
| 830 |
|
0 |
|a Book collections on Project MUSE.
|
| 856 |
4 |
0 |
|z Texto completo
|u https://projectmuse.uam.elogim.com/book/73898/
|
| 945 |
|
|
|a Project MUSE - Custom Collection
|
| 945 |
|
|
|a Project MUSE - Archive Complete Supplement IX
|
| 945 |
|
|
|a Project MUSE - Archive Philosophy and Religion Supplement IX
|